000
002560000a22000970004500
100
1
_a
Soskice, Janet Martin
245
1
0
_a
Imago dei y diferenciación sexual
300
_a
Vol.314, núm.314 (Febrero, 2006), Páginas 41-48
773
0
_t
Concilium
942
_c
ANA
999
_c
61236
_d
61236